| 000 | 00564nam a2200217 a 4500 | ||
|---|---|---|---|
| 001 | 0001-2215 | ||
| 003 | ELIB.Books | ||
| 008 | 190803 2010 eng | ||
| 020 | _a0802815944 | ||
| 092 |
_aB _bEst |
||
| 100 | _aEstep, William R. | ||
| 245 | _aThe Anabaptist Story | ||
| 260 |
_aGrand Rapids _bWilliam B. Eerdmans Publishing Company _c1975 |
||
| 300 |
_a250 _c21.5cm |
||
| 650 | _aBiography | ||
| 856 |
_nKBTS Library _uKBTS Elib |
||
| 942 |
_2ddc _cBK |
||
| 990 | _a1 | ||
| 998 |
_aEnglishbooks.elf _ccat _e2019-08-03 |
||
| 999 |
_c12215 _d12215 |
||